Statistics for Movies by Letter - R

Click here to take the quiz!

General Stats

  • This quiz has been taken 38 times
  • The average score is 10 of 25

Answer Stats

HintAnswer% Correct
Pixar film about a rodent and haute cuisineRatatouille
94%
Currently G, PG, PG-13, R, and NC-17 in the U.S.ratings
82%
Leonardo DiCaprio won an Oscar for eating raw meatThe Revenant
79%
Black and white boxing film directed by Martin ScorseseRaging Bull
76%
Specific color of Dorothy's shoesruby
76%
Another name for a spool of filmreel
73%
James Dean and a red jacketRebel without a Cause
70%
Did everything Fred Astaire did but backwards and in heelsGinger Rogers
67%
Film that gave us "It's a trap!"Return of the Jedi
45%
Craig Sheffer and Brad Pitt learn to fly fishA River Runs through It
39%
Bollywood star of Devdas, Bride & Prejudice, and nearly fifty other filmsAishwarya Rai
33%
Director of the above filmRobert Redford
33%
Akira Kurosawa film with a disjointed, nonlinear story about the murder of a samuraiRashomon
30%
Judy Garland's frequent early costarMickey Rooney
24%
Director of the above, who then fled from the Nazis to the United StatesJean Renoir
21%
Michael Moore stake out GMRoger and Me
21%
A film set entirely inside a New York City apartment and shot to look like one continuous takeRope
21%
Director of the above filmNicolas Ray
18%
Italian director who moved from neorealism to historical epicsRoberto Rossellini
18%
A film set entirely inside the Hermitage Museum and shot to look like one continuous takeRussian Ark
15%
French film about the decadence of the bourgeoisie at the outset of World War IIThe Rules of the Game
15%
Zhang Yimou film about a romance between a girl and country school teacherThe Road Home
9%
Wendy and Lucy, Meek's Cutoff, and Certain Women directorKelly Reichardt
6%
Nickname for Strictly Ballroom, Romeo + Juliet, and Moulin Rouge!Red Curtain trilogy
6%
Special effects studio that declared bankruptcy after winning an Oscar for Life of PiRhythm 'n Hues Studios
3%

Score Distribution

Percentile by Number Answered

Percent of People with Each Score

Your Score History

You have not taken this quiz